000 00547nam a2200217Ia 4500
005 20260429112143.0
008 260429s9999||||xx |||||||||||||| ||und||
020 _a9781337556767
041 _aEnglish
082 _a613.7
_bDUN
100 _aDunford, Marie
245 0 _aNutrition for sport and exercise /
_cMarie Dunford
250 _a4th ed.
260 _aAustralia :
_bCengage,
_c2019.
300 _axxi, 566 p.; pbk
650 _a Exercise
650 _a Sport
650 _aNutrition
700 _a Doyle, J. Andrew
942 _cTB
999 _c52627
_d52627